Responses for Show #8741 - Monday, November 14, 2022

2022 Tournament of Champions final game 1.

Contestants

[<< previous game]

Sam Buttrey, an associate professor of operations research at the Naval Postgraduate School from Pacific Grove, California

Andrew He, a software developer from San Francisco, California

Amy Schneider, a writer from Oakland, California

[next game >>]

Jeopardy! Round responses

AT THE MALL OF AMERICA
THE SOUTHERN HEMISPHERE
TOP OF THE MORNING!
SHARK TANK
STREAKERS
FROM "D" TO "O"
(Ken: Each response will begin with "D" and end with "O".)
    $200 20
an aquarium

Amy
    $200 29
(Sam: [Selecting last clue] Bring it.)

Tasmania

Sam
    $200 8
Reagan

Amy
    $200 1
a tiger shark

Amy
    $200 30
(Ken: That's correct, with a break for some amazing Minor League Baseball.)

Michael Jordan

Andrew
    $200 18
a dynamo

Amy
    $400 21
Build-A-Bear

Sam
    $400 28
the Galápagos

Andrew
    $400 9
Good Morning, Vietnam

Amy
    $400 2
krill

Sam
    $400 27
(Simone) Biles

Amy
    $400 12
Donatello

Andrew
    $600 22
Crocs

Amy
    $600 25
(Sam: What's Tropic of Cancer?)
(Ken: No.)
(Sam: Oh!)

the Tropic of Capricorn

AmySam
    $600 10
Sydney

Andrew
    $600 3
a goblin shark

Amy
    $600 26
crosswords

Amy
    $600 7
(Ken: Down Under the Manhattan Bridge Overpass, right.)

DUMBO

Sam
    $800 23
(Andrew: Who is, uh, Alba?)

Kate Hudson

Andrew
Triple Stumper
    $1,800 13
Angola & Zambia

Andrew
    $800 16
red sky

Sam
    $800 4
(Sam: What's megadon?)

megalodon

AndrewSam
    $800 15
Navratilova

Andrew
    $800 6
Durango

Sam
    $1000 24
Eddie Bauer

Triple Stumper
    $1000 11
(Amy: What is the Maldives?)
...
(Ken: I think that might be the other archipelago Amy was considering.)

Seychelles

AmySam
    $1000 17
morning star

Sam
    $1000 19
a nurse shark

Amy
    $1000 14
DiMaggio

Amy
    $1000 5
Dobro

Sam

Scores at the first commercial break (after clue 15):

Amy Andrew Sam
$1,400 $4,400 $3,000

Scores at the end of the Jeopardy! Round:

Amy Andrew Sam
$5,000 $4,200 $4,800

Double Jeopardy! Round responses

YOUR U.S. HISTORY TEST
PRIMED FOR PRIME NUMBERS
POETRY
FOREIGN WORDS & PHRASES
WE'RE IN IT
(Ken: You'll have to name the TV show that featured these actors.)
THE LONG HALL
    $400 25
Jamestown

Sam
    $400 7
a bar mitzvah

Amy
    $400 30
(Ken: She was in [*] at the time, married to the British poet, Ted Hughes.)

London

Triple Stumper
    $400 29
a geisha

Amy
    $400 8
The Office

Andrew
    $400 27
the Louvre

Andrew
    $800 24
Arthur

Sam
    $800 6
Volkswagen

Sam
    $7,800 13
a nightingale

Andrew
    $800 28
smörgåsbord

Sam
    $800 10
Three's Company

Andrew
    $800 26
MIT

Sam
    $1200 1
(Ken: Correct, home state for all three of you.)

California

Andrew
    $1200 4
(Ken: Yes, I'm a big 19 head myself.)

Product 19

Sam
    $1200 9
"The Creation"

Amy
    $1200 12
Prego

Andrew
    $1200 14
3rd Rock from the Sun

Andrew
    $1200 15
the Sagas

Sam
    $1600 2
Lookout Mountain

Sam
    $1600 3
John Dean

Triple Stumper
    $1600 11
metaphysical

Sam
    $6,000 16
(Sam: What is, uh, ugh! Delecti... corpus delicti? I don't know.)

in flagrante delicto

Sam
    $1600 18
Hannibal

Amy
    $1600 23
(William Lloyd) Garrison

Andrew
    $2000 22
Crispus Attucks

Sam
    $2000 5
(Sam: What is [*] number?)
(Ken: Next to last, you are correct.)

the 23rd

Sam
    $2000 21
Gerard Manley Hopkins

Triple Stumper
    $2000 17
a prie-dieu

Amy
    $2000 19
Snowpiercer

Amy
    $2000 20
Maximilian

Amy

Scores at the end of the Double Jeopardy! Round:

Amy Andrew Sam
$14,600 $18,800 $12,000

[wagering suggestions for these scores]

Final Jeopardy! Round responses

GEOGRA-FLEE
(Ken: [To Sam] [*] is just a bit southeast of the tip of India, the Maldives are right to the southwest.)
...
(Ken: [Amy] Appeared to have some regrets about her response... Did [*] come to you?)
(Amy: Yes.)
SamWhat is Sri Lanka?
$0
AmyWhat is Indonesia?
$10,000
AndrewWhat is Sri Lanka?
$10,401
Sri Lanka

Final scores:

Amy Andrew Sam
$4,600 $29,201 $12,000
3rd place Winner: 1 match point 2nd place

Game dynamics:

Coryat scores:

Amy Andrew Sam
$14,600 $10,800 $18,000
19 R,
1 W
15 R
(including 2 DDs),
1 W
20 R,
3 W
(including 1 DD)

Combined Coryat: $43,400

[game clues] [game scores] [suggest correction]

Game tape date: 2022-09-21
The J! Archive is created by fans, for fans. Scraping, republication, monetization, and malicious use prohibited; this site may use cookies and collect identifying information. See terms. The Jeopardy! game show and all elements thereof, including but not limited to copyright and trademark thereto, are the property of Jeopardy Productions, Inc. and are protected under law. This website is not affiliated with, sponsored by, or operated by Jeopardy Productions, Inc. Join the discussion at JBoard.tv.